| 000 | 02831nam2a2200337 4500 | ||
|---|---|---|---|
| 001 | RU\NLR\INFOCOMM17\1000375269 | ||
| 005 | 20250617163650.0 | ||
| 035 | _aRU\NLR\DIGIT\95960 | ||
| 035 | _a(NLR Aleph) 002785929 | ||
| 090 |
_a2448083 _c2448083 |
||
| 100 | _a20040123d1882 |||y0rusy50 ca | ||
| 101 | 0 | _arus | |
| 102 | _aRU | ||
| 105 | _ay ||||||||| | ||
| 135 | _acogo 008apabr | ||
| 200 | 0 | _aГ.17 1882, №16 | |
| 210 |
_d1882 _aБ. м. |
||
| 325 | _aКопия доступна в Электрон. б-ке РНБ http://vivaldi.nlr.ru/bv000001313/open | ||
| 421 | 0 |
_12001#$aМесяцеслов святых, всею русскою церковью или местно чтимых и указатель празднеств в честь икон божией матери и св. угодников божиих в нашем отечестве, Вып. 4 [1 отд.]$fДимитрий [Самбикин, Д.И.] _1210##$aВоронеж$d1881 _1700#0$3RU\NLR\AUTH\7755934$8rus$7ca$aДимитрий$cСамбикин, Димитрий Иванович$cархиепископ$f1839-1908 _1300##$aЭкз. деф.: отсутствуют с.65-96 _1309##$aПрипл. _tМесяцеслов святых, всею русскою церковью или местно чтимых и указатель празднеств в честь икон божией матери и св. угодников божиих в нашем отечестве, Вып. 4 [1 отд.] _aДимитрий (архиепископ ; 1839-1908) |
|
| 421 | 0 |
_12001#$aСписки воспитанников, окончивших полный курс семинарских наук в Воронежской духовной семинарии за истекшее столетие (1780-1880)$fНиколаев, А.И. _1700#1$aНиколаев$bА.И. _1210##$aВоронеж$d1882-1884 _1309##$aПрипл. _tСписки воспитанников, окончивших полный курс семинарских наук в Воронежской духовной семинарии за истекшее столетие (1780-1880) _aНиколаев, А.И. |
|
| 461 | 0 |
_1001RU\NLR\INFOCOMM17\1000374869 _12001#$aВоронежские епархиальные ведомости$vГ.17 1882, №16 _92447871 _cВоронеж _d1866-1917 _tВоронежские епархиальные ведомости _vГ.17 1882, №16 |
|
| 801 | 1 |
_aRU _bInfoComm _c20040123 |
|
| 801 | 0 |
_aRU _bNLR _gPSBO |
|
| 852 |
_aNLR _j5/9 |
||
| 942 | _cISSUE | ||
| 980 | _aNB | ||
| 980 | _aRUSPER | ||
| 981 | 3 | 6 | _a(36) Цифровой репозиторий РНБ |
| 981 | 1 | 5 |
_a(15) Епархиальные ведомости _b(15) Воронежские епархиальные ведомости |